000 00608nam a22001937a 4500
005 20251108164027.0
008 250721s1983 xx 000 0 ara d
082 1 4 _a320.947/لوس
100 1 _aلوساج، ميشال
245 1 0 _aالنظام السياسي و الإداري في الإتحاد السوفياتي /
264 1 _aبيروت :
_bمنشورات عويدات،
_c1983.
300 _a143ص.
490 0 _aزدني علماً
650 1 7 _aروسيا الإتحادية
650 1 7 _aالسياسة
700 1 _aعصفور، عيسى
_eترجمة
942 _2ddc
_cBK
999 _c1787
_d1787